The art of molecular dynamics simulation /
Guardado en:
| Autor Principal: | |
|---|---|
| Formato: | Libro |
| Idioma: | English |
| Publicado: |
Cambridge :
Cambridge University Press,
1995.
|
| Materias: | |
| Acceso en línea: | Descripción Tabla de contenido |
| Etiquetas: |
Agregar Etiqueta
Sin Etiquetas, Sea el primero en etiquetar este registro!
|
| LEADER | 00966cam a22002535a 4500 | ||
|---|---|---|---|
| 001 | EIQ.libpla003324 | ||
| 008 | 950323s1995####enka#####b####001#0#eng#d | ||
| 005 | 20071127170830.0 | ||
| 245 | 1 | 4 | |a The art of molecular dynamics simulation / |c D.C. Rapaport. |
| 260 | |a Cambridge : |b Cambridge University Press, |c 1995. | ||
| 300 | |a xiv, 400 p. : |b il. ; |c 24 cm. | ||
| 504 | |a Incluye referencias bibliográficas (p. 383-389) e índices. | ||
| 020 | |a 0521445612 (hardback) | ||
| 100 | 1 | |a Rapaport, D. C. | |
| 082 | 0 | 0 | |a 539/.6 |2 20 |
| 650 | 4 | |a Materia |x Propiedades. | |
| 650 | 4 | |a Dinámica molecular |x Simulación. | |
| 650 | 0 | |a Molecular dynamics |x Simulation. | |
| 650 | 0 | |a Matter |x Properties. | |
| 010 | |a 95010724 | ||
| 040 | |a DLC |c DLC |d AR-BbSID | ||
| 856 | 4 | 2 | |3 Descripción |u http://www.loc.gov/catdir/description/cam027/95010724.html |
| 856 | 4 | 1 | |3 Tabla de contenido |u http://www.loc.gov/catdir/toc/cam022/95010724.html |
| 859 | |a AR-BbSID |b BIB. PLAPIQUI |h 539.6 |i R 18 |p 4799 | ||
